000 00824nam a2200265 i 4500
003 DO-SdBNP
005 20240506092405.0
006 a||||ar|||| 00| 0
007 ta
008 240503e2022 dr a|||| |||| 00| 0 spa d
020 _a9789945180749
040 _aDO-SdBNP
_bspa
_cBNPHU
_erda
082 _222
_aR789c
100 1 _aRosario, Fe María
_918958
_eautora
245 1 0 _aCarrusel del saber 1er. ciclo:
_bnivel inicial - párvulo /
_cFe María Rosario.
264 1 _a[no identificado] :
_b[no identificado],
_c2022
300 _a115 páginas :
_bilustraciones ;
_c28 cm.
336 _2rdacontent
_atexto
_btxt
337 _2rdamedia
_asin mediación
_bn
338 _2rdacarrier
_avolumen
_bnc
500 _aPárvulo (2 - 3 años) Primer Ciclo.
590 _aInventariado 2024 / MF
900 _al
942 _2ddc
_cLBS1
999 _c56601
_d56601